El dibujo de arquitectura: teoría e historia de un lenguaje gráfico
Uloženo v:
| Hlavní autor: | |
|---|---|
| Médium: | Kniha |
| Jazyk: | španělština |
| Vydáno: |
Barcelona
Reverté S.A
2005
|
| Vydání: | 2a. ed |
| Edice: | Estudios Universitarios de Arquitectura, 6
|
| Témata: | |
| Tagy: |
Přidat tag
Žádné tagy, Buďte první, kdo vytvoří štítek k tomuto záznamu!
|
MARC
| LEADER | 00000nam a2200000 a 4500 | ||
|---|---|---|---|
| 001 | UCG3069 | ||
| 003 | CL-VaPUC | ||
| 008 | 100805e20050000SP |||||||||||||||||spa|d | ||
| 020 | |a 8429121064 | ||
| 082 | 0 | 4 | |a 720.284 |b SAI |2 21 |
| 100 | 0 | |a Sainz, Jorge |e author |9 551885 | |
| 245 | 1 | 3 | |a El dibujo de arquitectura: teoría e historia de un lenguaje gráfico |
| 250 | |a 2a. ed | ||
| 300 | |a 253 p | ||
| 942 | |c BK | ||
| 945 | |d 20100805 00:00:00 |a mfarfan | ||
| 260 | |a Barcelona |b Reverté S.A |c 2005 | ||
| 650 | 0 | |a Dibujo arquitectónico |9 266673 | |
| 650 | 0 | |a Arquitectura |9 804558 | |
| 583 | |a last modification |c 20100805 00:00:00 |k Rodrigo Vera | ||
| 490 | 0 | |a Estudios Universitarios de Arquitectura, 6 | |
| 999 | |c 342167 |d 342165 | ||
| 952 | |0 0 |1 0 |4 0 |6 720_284000000000000_SAI_2005 |7 0 |8 A |9 438175 |a BIBARQ |b BIBARQ |d 2019-11-22 |i 4703839 |l 1 |o 720.284 SAI 2005 |p 4703839 |r 2024-01-16 |s 2022-08-19 |w 2019-11-22 |y BK |k ARQ | ||